Arca de haicais (Record no. 74672)
[ view plain ]
| 000 -LÍDER | |
|---|---|
| campo de controle de tamanho fixo | 01269 a2200265 4500 |
| 001 - NÚMERO DE CONTROLE | |
| campo de controle | 74672 |
| 020 ## - ISBN - INTERNATIONAL STANDARD BOOK NUMBER | |
| ISBN - International Standard Book Number | 9788535633108 |
| 020 ## - ISBN - INTERNATIONAL STANDARD BOOK NUMBER | |
| Informação qualificadora | (Broch.) |
| 040 ## - FONTE DA CATALOGAÇÃO | |
| Instituição que modificou o registro | BR-BrIDEA |
| 041 ## - CÓDIGO DE IDIOMA | |
| Código do idioma do texto/trilha sonora ou título diferente | por |
| 082 ## - CDD - CLASSIFICAÇÃO DECIMAL DE DEWEY | |
| Número de Classificação | 028.5 |
| 090 ## - NÚMERO DE CHAMADA LOCAL | |
| Número de chamada (OCLC) (R); Número de chamada, CALL (RLIN) (NR) | AP SK 028 |
| Número Cutter local (OCLC); Número de classificação do livro, CALL (RLIN) | PON |
| 100 ## - ENTRADA PRINCIPAL--NOME PESSOAL | |
| Nome pessoal | Ponte, Lena Jesus |
| 250 ## - EDIÇÃO | |
| Edição | 1. ed. |
| 245 10 - TÍTULO | |
| Título | Arca de haicais |
| Indicação de responsabilidade, etc. | Lena Jesus Ponte; ilustrações Marcia Misawa |
| 260 ## - PUBLICAÇÃO, DISTRIBUIÇÃO, ETC. | |
| Local de publicação, distribuição, etc. | São Paulo |
| Nome do editor, distribuidor, etc. | Paulinas |
| Data da publicação, distribuição, etc. | 2012 |
| 300 ## - DESCRIÇÃO FÍSICA | |
| Extensão | 32 p. |
| Outros detalhes físicos | il. color |
| 490 ## - TÍTULO DA SÉRIE | |
| Título da série | Cavalo marinho |
| 520 ## - NOTA DE RESUMO, ETC | |
| Resumo, etc. | Tendo surgido no Japão há séculos, o haicai é o menor poema do mundo, com apenas três versos; há quem diga já ter visto um haicai escrito num grão de arroz; além de ser uma das formas mais antigas de poesia, o haicai não tem título nem precisa necessariamente ter rima; nesta obra, com um ABC dos bichos, a autora constrói haicais ora sobre características físicas dos animais, ora em similaridade poética com as coisas do mundo e dos homens; no final do livro, há um capítulo didático, que ensina a criança leitora sobre os haicais e estimula que escreva seus próprios textos poéticos. |
| 521 ## - NOTA DO PÚBLICO ALVO | |
| Nota de público alvo | IK |
| 697 ## - ENTRADA DE ASSUNTO LOCAL--ENTIDADE COLETIVA (RLIN) | |
| Nome corporativo ou nome da jurisdição | Literatura brasileira - Infanto-juvenil |
| 700 ## - ENTRADA ADICIONADA - NOME PESSOAL | |
| Nome pessoal | Misawa, Marcia |
| Função do autor por extenso | ilustrador |
| 856 ## - LOCALIZAÇÃO ELETRÔNICA E ACESSO | |
| Uniform Resource Identifier | <a href="000027/00002753.jpg">000027/00002753.jpg</a> |
| 942 ## - ELEMENTOS DE ENTRADA ADICIONADOS (KOHA) | |
| Tipo de material Koha | Livros |
| Situação do descarte | Situação das perdas | Situação física | Não pode ser emprestado | Biblioteca de origem | Biblioteca atual | Data de aquisição | Total de empréstimos | Número de chamada completo | Código de barras | Data de último acesso | Data do preço efetivo | Tipo de material Koha | Fonte da classificação ou esquema de arquivamento na estante |
|---|---|---|---|---|---|---|---|---|---|---|---|---|---|
| Colégio São Paulo | Colégio São Paulo | 22/11/2023 | LI 028.5 P813a | 5508/CSP | 22/11/2023 | 22/11/2023 | Livros | ||||||
| ECB - SUDOESTE | ECB - SUDOESTE | 21/12/2020 | P SK 028 PON | 00052238SSW | 23/01/2024 | 23/01/2024 | Livros | Classificação Decimal de Dewey | |||||
| ECB - SUDOESTE | ECB - SUDOESTE | 21/12/2020 | P SK 028 PON | 00052239SSW | 23/01/2024 | 23/01/2024 | Livros | Classificação Decimal de Dewey | |||||
| ECB - SUDOESTE | ECB - SUDOESTE | 21/12/2020 | P SK 028 PON | 00052240SSW | 23/01/2024 | 23/01/2024 | Livros | Classificação Decimal de Dewey | |||||
| ECB - ÁGUAS CLARAS | ECB - ÁGUAS CLARAS | 08/12/2020 | AP SK 028 PON | 00051974AGC | 23/01/2024 | 23/01/2024 | Livros | Classificação Decimal de Dewey | |||||
| ECB - ÁGUAS CLARAS | ECB - ÁGUAS CLARAS | 08/12/2020 | AP SK 028 PON | 00051975AGC | 23/01/2024 | 23/01/2024 | Livros | Classificação Decimal de Dewey |